Communicating for results a guide for business and the professions
Сохранить в:
| Главный автор: | |
|---|---|
| Формат: | |
| Язык: | Undetermined |
| Опубликовано: |
Belmont, CA
Thomson/Wadsworth
2005
|
| Предметы: | |
| Online-ссылка: | http://lrc.tdmu.edu.vn/opac/search/detail.asp?aID=2&ID=7329 |
| Метки: |
Добавить метку
Нет меток, Требуется 1-ая метка записи!
|
| Thư viện lưu trữ: | Trung tâm Học liệu Trường Đại học Thủ Dầu Một |
|---|
| LEADER | 00631nam a2200205Ia 4500 | ||
|---|---|---|---|
| 001 | TDMU_7329 | ||
| 008 | 210410s9999 xx 000 0 und d | ||
| 082 | |a 658.4 | ||
| 090 | |b H104 | ||
| 100 | |a Hamilton, Cheryl | ||
| 245 | 0 | |a Communicating for results | |
| 245 | 2 | |b a guide for business and the professions | |
| 245 | 0 | |c Cheryl Hamilton | |
| 260 | |a Belmont, CA | ||
| 260 | |b Thomson/Wadsworth | ||
| 260 | |c 2005 | ||
| 300 | |a xxii, 410 p. | ||
| 650 | |a Communication in management | ||
| 856 | |u http://lrc.tdmu.edu.vn/opac/search/detail.asp?aID=2&ID=7329 | ||
| 980 | |a Trung tâm Học liệu Trường Đại học Thủ Dầu Một | ||